000 01351cam a22003613a 4500
001 0000712
003 DO-SdBNP
005 20220520100308.0
007 0000712
008 861112 2009 sp abc 000 0 spa d
010 _a
020 _a9972625206
040 _aBPMSU
_cspa
_dBPMSU
_d
082 4 _aR-912
_bA881g 2009
_222
245 0 0 _aAtlas y geografía del mundo /
_cdirección Juan Olivar ; redacción Javier Campillo, Dolores Gassós , Jaime Pintó
260 0 _aBarcelona :
_bLexus,
_c2009.
300 _a260 p. :
_bil., mapa, retrato ;
_c34 cm.
505 2 _tEl cosmos, la tierra, el hombre --
_tContinentes y países --
_tAmérica --
_tAmérica del Norte y Central --
_tAmérica del Norte y Central: cartografía --
_tAmérica del Sur --
_tAmérica del Sur: cartografía --
_tEuropa --
_tEuropa: cartografía --
_tAsia --
_tAsia: cartografía --
_tÁfrica --
_tÁfrica: cartografía --
_tOceanía --
590 _6Inventariado, 2022/VM
600 _a
_x
650 4 _aAtlas
_x
650 4 _aGeografía.
650 4 _aMapas
700 1 _aOlivar, Juan
_edirección
700 1 _aCampillo, Javier
700 1 _aGassós, Dolores
700 1 _aPintó, Jaime
710 2 _aLEXUS
910 _aVMateo V./Validado. Control de calidad MFF
942 _2ddc
_cBK
945 _aInventariado, 2017/MFF
956 _2YLOCKWARD
_310
_8BPMSU
999 _c11531
_d11531